Normal view
MARC view
- Durani, Saeeda
Entry Personal Name
001 - CONTROL NUMBER
- control field: 14449
003 - CONTROL NUMBER IDENTIFIER
- control field: NUST
005 - DATE AND TIME OF LATEST TRANSACTION
- control field: 20190521050450.0
008 - FIXED-LENGTH DATA ELEMENTS
- fixed length control field: 190521|| aca||aabn | a|a d
040 ## - CATALOGING SOURCE
- Original cataloging agency: NUST
- Transcribing agency: NUST
100 ## - HEADING--PERSONAL NAME
- Personal name: Durani, Saeeda
670 ## - SOURCE DATA FOUND
- Source citation: Work cat.: (NUST): Durani, Saeeda, Kitabiyat Pakistani Adab 1992 /, 1993.
